000 00527nam a22001697a 4500
999 _c8476
_d8476
008 201125b ||||| |||| 00| 0 eng d
040 _aBMS College of Architecture
100 _aSudarshan, Sanjana
245 _aAtaraxia - A psychiatric health care
300 _aNA
500 _a1BM14AT092
502 _8B,Arch
_NBMS College of Architecture, Visvesvaraya Technological University (VTU)
_aProject report
_d2018
650 _aHealth care
700 _aShanu Raina
_eGuide
700 _aSanal Suresh
_eGuide
942 _2ddc
_cTHE